000 00615nam a2200205 i 4500
001 36960
003 ES-MaACL
005 20230906155457.0
007 t|
008 030219s1964 fr ||||1| fre d
100 1 _aBruaire, Claude.
_932052
245 1 0 _aLogique et religion chrétienne dans la philosophie de Hegel /
_cClaude Bruaire.
260 _aParis :
_bEditions du Seuil,
_c[1964]
300 _a185 p. ;
_c21 cm.
490 1 _aL'ordre philosophique
504 _aBibliografía: p. 185.
830 0 _aL'ordre philosophique
_9177512
852 _aES-MaACL
_jL-11689
_bR.113258
999 _c36960
_d36960